Länder Europas - Statistiken

Allgemein
  • Dieses Quiz wurde 172 mal gespielt
  • Das Durchschnittsergebnis liegt bei 12 aus 15
Antwortstatistiken
Tipp Land % Korrekt
Brexit Großbritannien
92%
Italien Vatikan
90%
Insel Malta
89%
Baltikum Estland
87%
Insel Irland
87%
Baltikum Lettland
87%
Italien San Marino
87%
Mittelmeer Spanien
85%
Insel Island
84%
Baltikum Litauen
84%
Mittelmeer Italien
83%
Osteuropa Polen
78%
Osteuropa Tschechien
72%
Osteuropa Slowakei
68%
Mittelmeer Monaco
62%
Keine übereinstimmenden Quizze gefunden
Verteilung der Resultate
Anzahl Personen mit jedem Resultat
Perzentil nach korrekt beantworteten Fragen
Ihre Resultats-Entwicklung
Sie haben dieses Quiz noch nicht gespielt